000 00802nam a2200277 i 4500
001 C2-0328258
003 PPAK
005 20180728125628.0
008 140812s2008 my a|||| ||||| | may d
020 _a9789836295958
040 _aPPAK
_beng
_cPPAK
_erda
082 0 4 _a899.233
_223
090 0 0 _a899.233
_bMAT
_dK
100 0 _aMatlob,
_eauthor
245 1 0 _aCerita itik di kolam
264 1 _aKuala Lumpur :
_bDewan Bahasa dan Pustaka ,
_c2008
300 _a16 pages :
_bcolour illustrations ;
_c24 cm
336 _2rdacontent
_atext
337 _2rdamedia
_aunmediated
338 _2rdacarrier
_avolume
490 1 _aSiri bacaan jawi Pak Matlob
500 _aTeks dalam tulisan Jawi.
650 1 0 _aChildren's stories, Malay.
830 0 _aSiri bacaan jawi Pak Matlob
942 _ddc
_cB
999 _c127650
_d127650